000 01016nam a2200301 ia4500
005 20200707162039.0
008 200707s2010 my ao e b 001 0 may
020 _a9789675098208 (set)
020 _a9789675098253
_cRM10.00 (Harga Denda)
_qhardback
040 _aPPAK
_beng
_cPPAK
_erda
049 _amal
082 0 4 _a030.9595114
_223
090 0 0 _a030.9595114
_bKHA
_dRK
100 1 _aKhan, Ghulam Jie M.,
_d1959-
_eauthor.
245 1 0 _aBUKU REKOD NEGERI-NEGERI :
_bPERAK /
_cGhulam Jie M. Khan
264 1 _aKota, Negeri Sembilan :
_bAinna's Publications,
_c2010
300 _a56 pages :
_bcolour illustrations, colour photographs ;
_c31 cm
336 _2rdacontent
_atext
337 _2rdamedia
_aunmediated
338 _2rdacarrier
_avolume
490 1 _aBuku rekod negeri-negeri Malaysia
500 _aIncludes index.
504 _aBibliography : page [56].
650 1 0 _aCuriosities and wonders
_zPerak
651 0 _aPerak
_xHistory
830 0 _aBuku rekod negeri-negeri Malaysia
942 _2ddc
_cB
999 _c178037
_d178037